Central Library OPAC University of Rajshahi

Woodrow Wilson and American liberalism / (Record no. 28159)

MARC details
000 -LEADER
fixed length control field 00927cam a22002771 4500
001 - CONTROL NUMBER
control field 28159
003 - CONTROL NUMBER IDENTIFIER
rucl marc code BD-RjUL
005 - DATE AND TIME OF LATEST TRANSACTION
control field 20211209051239.0
008 - FIXED-LENGTH DATA ELEMENTS--GENERAL INFORMATION
fixed length control field 140329s1947 enkbc b 000 0 eng
035 ## - SYSTEM CONTROL NUMBER
System control number 28240
System control number (BD-RjUL)28240
040 ## - CATALOGING SOURCE
Original cataloging agency DLC
Transcribing agency NBuU
Modifying agency OCoLC
-- BD-RjUL
Language of cataloging eng
041 ## - LANGUAGE CODE
Language code of text/sound track or separate title eng
082 ## - DEWEY DECIMAL CLASSIFICATION NUMBER
Classification number 973.8
Author mark and year HUW 1951
100 1# - MAIN ENTRY--PERSONAL NAME
Personal name Hugh-Jones, E. M.
Fuller form of name (Edward Maurice)
9 (RLIN) 86275
245 10 - TITLE STATEMENT
Title Woodrow Wilson and American liberalism /
260 ## - PUBLICATION, DISTRIBUTION, ETC. (IMPRINT)
Place of publication, distribution, etc. London,
Name of publisher, distributor, etc. Pub. by Hodder & Stoughton for the English Universities Press
Date of publication, distribution, etc. 1947 [Impression 1954]
300 ## - PHYSICAL DESCRIPTION
Pagination xiv, 295 p. :
Illustrations port., maps (on lining-papers)
Size 18 cm.
504 ## - BIBLIOGRAPHY, ETC. NOTE
Bibliography, etc Bibliography: p. 285-286.
600 10 - SUBJECT ADDED ENTRY--PERSONAL NAME
Personal name Wilson, Woodrow,
Dates associated with a name 1856-1924.
651 #0 - SUBJECT ADDED ENTRY--GEOGRAPHIC NAME
Geographic name United States
General subdivision Politics and government
Chronological subdivision 1865-1933.
9 (RLIN) 86278
942 ## - ADDED ENTRY ELEMENTS (KOHA)
Source of classification or shelving scheme Dewey Decimal Classification
Koha item type Books
Holdings
Lost status Source of classification or shelving scheme Damaged status Not for loan Collection code Permanent Location Current Location Shelving location Date acquired Source of acquisition Total Checkouts Full call number Date last seen Copy number Koha item type
  Dewey Decimal Classification   Added to bundle Non-fiction Central Library, University of Rajshahi Central Library, University of Rajshahi Reading Room 17/11/1954 A.B.C   973.8 HUW 1951 29/03/2014 C-1 Books
  Dewey Decimal Classification     Non-fiction Central Library, University of Rajshahi Central Library, University of Rajshahi   17/11/1954 A.B.C   973.8 HUW 1951 29/03/2014 C-2 Books